Fr. Conceicao Rodrigues College of Engineering

Optimization:Theory and practice (Record no. 18533)

MARC details
000 -LEADER
fixed length control field 00393nam a2200169Ia 4500
082 ## - DEWEY DECIMAL CLASSIFICATION NUMBER
Classification number 658.4033
Item number JOS
100 ## - MAIN ENTRY--PERSONAL NAME
Personal name Joshi/Mohan C/ M.M.Kannan
245 ## - TITLE STATEMENT
Title Optimization:Theory and practice
260 ## - PUBLICATION, DISTRIBUTION, ETC.
Name of publisher, distributor, etc. Narosa Publication House
Date of publication, distribution, etc. 2004
366 ## - TRADE AVAILABILITY INFORMATION
Publishers's discount category 20
300 ## - PHYSICAL DESCRIPTION
Extent 325
546 ## - LANGUAGE NOTE
Language note ENGLISH
-- Info.Tech
650 ## - SUBJECT ADDED ENTRY--TOPICAL TERM
Topical term or geographic name entry element Optimization
654 ## - SUBJECT ADDED ENTRY--FACETED TOPICAL TERMS
Focus term optimization
942 ## - ADDED ENTRY ELEMENTS (KOHA)
Koha item type BOOK
Holdings
Withdrawn status Lost status Damaged status Not for loan Collection Home library Current library Date acquired Source of acquisition Cost, normal purchase price Inventory number Total Checkouts Full call number Barcode Date last seen Cost, replacement price Price effective from Koha item type
        CRC Fr. Agnel's C.Rodrigues College of Engineering Fr. Agnel's C.Rodrigues College of Engineering 17/03/2023 Narosa Book Distributors 256.00 264 dt 22/05/2013   658.4033 JOS 22677 17/03/2023 320.00   BOOK